Statistics for Yu-Gi-Oh! Season 1 Monster Cards - Easy

Click here to take the quiz!

General Stats

  • This quiz has been taken 29 times
  • The average score is 13 of 15

Answer Stats

Answer% Correct
Blue-Eyes White Dragon
100%
Red-Eyes Black Dragon
100%
Baby Dragon
95%
Dark Magician
95%
Exodia the Forbidden One
95%
Kuriboh
91%
Summoned Skull
91%
Time Wizard
91%
Battle Ox
86%
Celtic Guardian
86%
Gaia the Fierce Knight
86%
Harpie Lady
82%
Flame Swordsman
68%
Curse of Dragon
64%
Giant Soldier of Stone
64%

Score Distribution

Percentile by Number Answered

Percent of People with Each Score

Your Score History

You have not taken this quiz